书目信息 |
| 题名: |
陈寅恪晚年诗文用其他:与余英时先生商榷
|
|
| 作者: | 冯衣北 著 | |
| 分册: | ||
| 出版信息: | 广州 花城出版社 1986.07 |
|
| 页数: | 211页 | |
| 开本: | 32开 | |
| 丛书名: | ||
| 单 册: | ||
| 中图分类: | I207.22 | |
| 科图分类: | ||
| 主题词: | 文学--中国 | |
| 电子资源: | ||
| ISBN: | 7-5360-2732-X | |
| 000 | 00613nam0 2200193 45 | |
| 001 | 0011071914 | |
| 005 | 20001107195944.5 | |
| 010 | @a7-5360-2732-X@d12.00元 | |
| 100 | @a20001107d1986 km y0chiy0120 ea | |
| 101 | 0 | @achi |
| 105 | @a z 000yy | |
| 200 | 1 | @a陈寅恪晚年诗文用其他:与余英时先生商榷@AChen Yin Ke Wan Nian Shi Wen Yong Qi Ta:Yu Yu Ying Shi Xian Sheng Shang Que@f冯衣北著@FFeng Yi Bei Zhu |
| 210 | @a广州@c花城出版社@d1986.07 | |
| 215 | @a211页@d32开 | |
| 606 | 0 | @a文学@x中国 |
| 690 | @aI207.22@v3 | |
| 701 | 0 | @a冯衣北@4著 |
| 801 | @aCN@bPftUser@c20001107 | |
| 905 | @b212168-177@dI207.22@eF049@f10 | |
| 陈寅恪晚年诗文用其他:与余英时先生商榷/冯衣北著.-广州:花城出版社,1986.07 |
| 211页;32开 |
| ISBN 7-5360-2732-X:12.00元 |
| ● |
| 相关链接 |
|
|
|
正题名:陈寅恪晚年诗文用其他:与余英时先生商榷
索取号:I207.22/F049
 
预约/预借
| 序号 | 登录号 | 条形码 | 馆藏地/架位号 | 状态 | 备注 |
| 1 | 212168 | 202121685 | 文学库108/108文学库 7排3列3层/ [索取号:I207.22/F049] | 在馆 | |
| 2 | 212169 | 202121694 | 社科二线400B/400B社科库 11排2列3层/ [索取号:I207.22/F049] | 在馆 | |
| 3 | 212170 | 202121701 | 社科二线422/422社科库 22排1列3层/ [索取号:I207.22/F049] | 在馆 | |
| 4 | 212171 | 202121710 | 文学库108/108文学库 7排3列3层/ [索取号:I207.22/F049] | 在馆 | |
| 5 | 212172 | 202121729 | 文学库108/108文学库 7排3列1层/ [索取号:I207.22/F049] | 在馆 | |
| 6 | 212173 | 202121738 | 社科二线422/422社科库 22排1列3层/ [索取号:I207.22/F049] | 在馆 | |
| 7 | 212174 | 202121747 | 社科二线400B/400B社科库 11排2列3层/ [索取号:I207.22/F049] | 在馆 | |
| 8 | 212175 | 202121756 | 社科二线400B/400B社科库 11排2列3层/ [索取号:I207.22/F049] | 在馆 | |
| 9 | 212176 | 202121765 | 社科二线422/422社科库 22排1列3层/ [索取号:I207.22/F049] | 在馆 | |
| 10 | 212177 | 202121774 | 社科二线422/422社科库 22排1列3层/ [索取号:I207.22/F049] | 在馆 |